Poemas del corazón

Bewaard in:
Bibliografische gegevens
Hoofdauteur: Montenegro González, Carlos
Formaat: Boek
Taal:Undetermined
Gepubliceerd in: San Felipe, Chile Ampuero 2002
Editie:3
Onderwerpen:
Tags: Voeg label toe
Geen labels, Wees de eerste die dit record labelt!

MARC

LEADER 00000nam a2200000Ia 4500
008 170316s9999 xx 000 0 und d
040 |a cru BVZT 
090 |a 860 M-44p 
100 |a Montenegro González, Carlos 
245 |a Poemas del corazón 
250 |a 3 
260 |a San Felipe, Chile 
260 |b Ampuero 
260 |c 2002 
300 |a 43 páginas 
650 |a LITERATURA LATINOAMERICANA 
650 |a POESÍA 
999 |c 8970  |d 8970 
942 |c 15 D  |h 860 M-44p  |2 z